000 01097nam a2200313 a 4500
001 000017633
003 DO-SdBNP
005 20210520131149.0
007 000017633
008 100329s1994 dr ac 000 e spa d
040 _aBPMSU
_bspa
_cBPMSU
082 4 _aRD863.44
_bD542t 1994
_222
100 1 _aDíaz Grullón, Virgilio,
_d1924-2001
245 1 0 _aTextos escogidos /
_cVirgilio Díaz Grullón ; selección y prólogo de Pedro Vergés.
260 _aSanto Domingo :
_bPlan Decenal de Educación
_c1994.
300 _a225 p. :
_bil. ; retrs. ;
_c19 cm.
490 0 _aBiblioteca dominicana básica
_aNarrativa.
500 _aIncluye referencias bibliográficas y notas al pie de las páginas
590 _6Inventariado,2021/VM
650 4 _aEnsayos dominicanos
650 4 _aCuentos dominicanod
_vColecciones
650 4 _aLiteratura dominicana
700 1 _aVerges, Pedro,
_epról.
830 0 _aBiblioteca dominicana básica,
_pNarrativa. Cuentos
_v1
910 _aVMateo
942 _2ddc
_cBK
945 _aInventario / 2017 MV
956 _aVMATEO
_b10
_c20150722
_lBPMSU
_h00151
999 _c7522
_d7522